000 00544 a2200193 4500
001 137713
020 _a9788502090231
040 _cLeonardo Da Vinci
041 _aPortuguês
082 _a100 M386f
_bM386f
100 _aMATTAR, João
245 _aFilosofia e ética na administração
250 _a2. ed
260 _bSaraiva
_c2014
_aSão Paulo
300 _a374
362 _a20140000
697 _aAdministração
_aAspecto moral
_aÉtica
_aFilosofia
_aConhecimento
_aTeoria
_aHistória
_aLógica
_aLinguagem
_aFIPEN
_aTGRH
942 _cBK
999 _c137713
_d137713